| 000 | 00985nam a2200217Ia 4500 | ||
|---|---|---|---|
| 003 | GCL | ||
| 005 | 20240530102925.0 | ||
| 008 | 140319s9999 xx 000 0 ara d | ||
| 040 |
_aGCL / _cGCL |
||
| 082 | 0 | 4 |
_a327.56073 _bم س |
| 110 | 0 | _4مركز دراسات الوحدة العربية | |
| 245 | 1 | 0 | _aالسياسة الامريكية والعرب |
| 260 |
_aبيروت : _bمركز دراسات الوحدة العربية ، _c1982 |
||
| 300 |
_a308 ص ؛ _c24 سم |
||
| 490 |
_aسلسلة كتب المستقبل العربى _v2 |
||
| 650 | 0 | 4 | _aالصراع العربى الاسرائيلى |
| 650 | 0 | 4 | _aالولايات المتحدة الامريكية - الاحوال السياسية |
| 650 | 0 | 4 | _aالولايات المتحدة الامريكية - العلاقات الخارجية - الشرق الاوسط |
| 650 | 0 | 4 | _aالولايات المتحدة الامريكية - العلاقات الخارجية - العالم العربى |
| 942 |
_2ddc _cBK |
||
| 999 |
_c35392 _d35392 |
||